Villes du Lot en images - Statistiques

Statistiques générales
  • Ce quiz a été pris 92 fois
  • Le résultat moyen est 8 sur 18
Statistiques - réponses
Par images Hint Réponse % Correct
C Cahors
100%
R Rocamadour
95%
F Figeac
94%
G Gourdon
85%
S Saint-Cirq-Lapopie
65%
G Gramat
62%
M Martel
53%
S Saint-Céré
45%
B (ou P) Bretenoux/Biars/Prudhomat
39%
P Puy-l'Évêque
29%
C Cajarc
26%
A Autoire
24%
C Capdenac
21%
L Loubressac
21%
C Carennac
18%
L Lacapelle-Marival
17%
C Castelnau-Montratier
12%
L Lacave
11%
Aucun quiz correspondant
Distribution des résultats
% des personnes avec chaque résultat
Percentile par nombre de réponses
Votre historique - résultats
Vous n’avez pas pris ce quiz